| 000 | 01218nam a22003257a 4500 | ||
|---|---|---|---|
| 999 |
_c21462 _d21462 |
||
| 003 | AR-CdUCM | ||
| 008 | 190220b ||||| |||| 00| 0 spa d | ||
| 020 | _a9789972514852 | ||
| 040 |
_aMUNICIPALIDAD PROVINCIAL DEL CUSCO _cBIBLIOTECA MUNICIPAL DEL CUSCO |
||
| 082 |
_a985.26/D45 _bD45 |
||
| 100 |
_aDegregori, Carlos Iván _947 |
||
| 245 |
_aConquistadores de un nuevo mundo : _bde invasores a ciudadanos en San Martín de Porres / _cCarlos Iván Degregori, Cecilia Blondet, Nicolás Lynch |
||
| 260 |
_aLima : _bInstituto de Estudios Peruanos, IEP, _c2014. |
||
| 300 |
_a284 páginas. : _bmapas ; _c24 cm. |
||
| 440 |
_aSerie Ideología y Política, _n42. _944878 |
||
| 500 | _zBibliografía: p. [279]-284. | ||
| 650 |
_aMigración rural _944822 |
||
| 650 |
_aParticipación política _97489 |
||
| 650 |
_aCondiciones sociales _944879 |
||
| 650 |
_aCondiciones económicas _944880 |
||
| 650 |
_aHistoria _944881 |
||
| 650 |
_aSiglo XX _944882 |
||
| 650 |
_aDistrito San Martín de Porres _944883 |
||
| 650 |
_aLima Perú _923155 |
||
| 700 |
_aBlondet, Cecilia _924802 |
||
| 700 |
_aLynch, Nicolás _944884 |
||
| 710 |
_aInstituto de Estudios Peruanos (Lima) _99759 |
||
| 942 |
_2ddc _cLIBROS |
||
| 945 | _aRoel | ||